Paroles d' "Auprès de mon arbre" de Georges Brassens - Statistiques

Statistiques générales
  • Ce quiz a été pris 114 fois
  • Le résultat moyen est 281 sur 412
Statistiques - réponses
Paroles % Correct
à
100%
a
100%
au
98%
de
98%
De
98%
mon
98%
Mon
98%
arbre
97%
Auprès
97%
du
95%
95%
le
95%
Le
95%
je
93%
Je
93%
Qui
92%
qui
92%
Y
92%
des
90%
heureux
90%
jamais
90%
me
90%
vivais
90%
quitter
88%
yeux
88%
J'aurais
87%
j'aurais
87%
la
83%
ma
83%
sa
80%
un
80%
m'éloigner
78%
Et
75%
J'ai
75%
j'ai
75%
bois
72%
les
72%
comme
70%
en
70%
chêne
68%
Mais
68%
mais
68%
On
68%
on
68%
peu
67%
que
67%
Que
67%
ni
65%
se
63%
suis
63%
alter
62%
Avec
62%
ego
62%
pas
62%
copain
60%
femme
60%
pipe
60%
une
60%
vieille
60%
fait
58%
même
58%
plus
58%
sur
58%
était
57%
ces
55%
dans
55%
d'une
55%
il
55%
sans
55%
bonne
53%
camp
53%
mes
53%
quoi
53%
si
53%
va
53%
tête
52%
arbres
50%
branche
50%
brut
50%
Dont
50%
gant
50%
nom
50%
pauvre
50%
pour
50%
quand
50%
sacré
50%
saligaud
50%
tout
50%
foutu
48%
plaqué
48%
Tous
48%
type
48%
m'en
47%
flûtes
45%
fumé
45%
fume
45%
lippe
45%
moi
45%
n'importe
45%
par
45%
rustique
45%
temps
45%
tu
45%
coeur
43%
cou
43%
d'infâme
43%
Judée
43%
lui
43%
qu'on
43%
surnom
43%
Trop
43%
avait
42%
brûler
42%
goût
42%
naturellement
42%
sauf
42%
voir
42%
vu
42%
aux
40%
figure
40%
front
40%
joie
40%
nez
40%
peut
40%
toi
40%
billes
38%
Faire
38%
graine
38%
haute
38%
lentilles
38%
levant
38%
mât
38%
milieu
38%
pendait
38%
perdais
38%
pierres
38%
seul
38%
campagne
37%
compagne
37%
enragée
37%
foi
37%
Grande
37%
J'avais
37%
lune
37%
maintenant
37%
Noël
37%
pipes
37%
tabac
37%
vache
37%
cocagne
35%
frênes
35%
jeté
35%
Nouvelle
35%
sinécure
35%
ans
33%
bats
33%
belles
33%
c'était
33%
firmament
33%
futaie
33%
logement
33%
mansarde
33%
nuit
33%
Ourse
33%
dit
32%
fâcher
32%
fleurons
32%
ornées
32%
tour
32%
baiser
30%
beaucoup
30%
celle-là
30%
dénicher
30%
laissait
30%
lézardes
30%
l'oeil
30%
tant
30%
cent
28%
cieux
28%
d'années
28%
d'écume
28%
depuis
28%
hallebardes
28%
l'appel
28%
manques
28%
mieux
28%
Moins
28%
retrouverai
28%
Tomber
28%
valant
28%
désormais
27%
monte
27%
Parce
27%
quelqu'un
27%
biensûr
25%
prunes
25%
sept
25%
course
23%
J'emmenais
23%
paie
23%
J'habite
22%
j'y
22%
savais
22%
D'avecque
8%
Aucun quiz correspondant
Distribution des résultats
% des personnes avec chaque résultat
Percentile par nombre de réponses
Votre historique - résultats
Vous n’avez pas pris ce quiz